[Event "San Martin"]
[Site "San Martin"]
[Date "1995.??.??"]
[Round "9"]
[White "Spangenberg, Hugo"]
[Black "Quinteros, Miguel Angel"]
[Result "1-0"]
[WhiteElo "2500"]
[BlackElo "2505"]
[Annotator "Blatny,P"]
[PlyCount "83"]
[EventDate "1995.03.??"]
[EventType "tourn"]
[EventRounds "13"]
[EventCountry "ARG"]
[EventCategory "10"]
[SourceTitle "CBM 048"]
[Source "ChessBase"]
[SourceDate "1995.10.01"]
[SourceVersion "1"]
[SourceVersionDate "1995.10.01"]
[SourceQuality "1"]

1. e4 c5 2. c3 Nf6 3. e5 Nd5 4. d4 cxd4 5. Nf3 Nc6 6. Bc4 (6. cxd4 d6 7. Bc4
Nb6 8. Bb5 dxe5 9. Nxe5 Bd7 10. Bxc6 Bxc6 11. Nxc6 bxc6 12. O-O $10 {
Dolmatov-Alterman/Pardubice/1993/ (18)}) 6... Nb6 (6... e6 7. cxd4 d6 8. O-O
Be7 9. Qe2 Qc7 10. Qe4 dxe5 11. dxe5 Bd7 12. Bd2 $13 {Sermek-Kozul/Ljublana
Portoroz/1993/ (19)}) 7. Bb3 d5 8. exd6 Qxd6 9. O-O Be6 10. Na3 (10. Bxe6 Qxe6
11. Nxd4 Nxd4 12. Qxd4 Rd8 13. Qh4 (13. Qf4 Qc6 14. Nd2 f6 15. Qe4 e5 16. Qxc6+
bxc6 17. Re1 Kf7 $10 {1/2-1/2 Blatny,P-Aseev,K/Kecskemet (03) ;CBM 29 1992 (41)
}) (13. Qb4 $5 Qc6 (13... Qe2 $6 14. Qb3 $1 {/\Be3,a4+/=} (14. Be3 Rd1 15. Nd2
Rxd2 16. Rfe1 Qd3 17. Bxd2 Qxd2 18. Rad1 $13)) 14. a4 a6 15. Qb3 e6 (15... Nc4
16. Qc2 {/\b3+/=}) 16. Nd2 Be7 17. Nf3 O-O 18. Re1 Nc4 19. Qc2 $1 h6 20. b3 Na5
21. Be3 Bf6 22. Rac1 Qc7 $1 23. c4 $6 (23. Bd4 $142 Bxd4 24. Nxd4 {+/=/=})
23... Nc6 24. Red1 Rxd1+ 25. Rxd1 Rd8 $10 {1/2-1/2 Blatny,P-Stohl,I/Pardubice 
(01) ;CBM 37 1993 (44)}) 13... Qe2 14. Nd2 (14. Be3 Qxb2 15. Nd2 Rxd2 16. Bxd2
Qxd2 17. a4 Qh6 18. Qg3 Qc6 $17 {0-1 Van der Werf,M-Har Zvi,R/Wijk op (08) ;
CBM 34 1993 (37)}) (14. Bd2 h5 15. Re1 (15. h3 Qc4 16. Qg3 Qd3 17. Qh4 Qc4 18.
Qg3 Qd3 {1/2-1/2 Panchenko,AN-Sherbakov,R/Sochi-B ;CBM 16 1989}) 15... Qg4 $10
{0-1 Sariego,W-Pigusov,E/Bayamo (02) ;MCL 01 1985 (41)}) 14... g6 15. a4 Bg7
16. a5 Nc8 17. Qa4+ $36 {Nun,Ji-Stohl,I/CSR-ch (13) ;MCL 04 1986/1/2-1/2 (48)})
10... Bxb3 (10... dxc3 11. Qe2 (11. Bxe6 Qxd1 12. Rxd1 fxe6 13. bxc3 Na4 14.
Bd2 e5 15. Ng5 h6 16. Ne4 $44 {Smagin,S-Dvoirys,S/URS-ch53 Kiev ;URS-ch 1986/
1-0 (62)}) (11. Nb5 Qxd1 12. Rxd1 Rc8 13. Bxe6 fxe6 14. Nxc3 (14. bxc3 Nc4 15.
Ng5 e5 16. Ne6 Kf7 17. Ng5+ Ke8 18. Ne6 Kf7 19. Ng5+ Ke8 {1/2-1/2 Smagin,
S-Gavrikov,V/URS-ch53 Kiev ;URS-ch 1986}) 14... g6 {1/2-1/2 Blatny,P-Greenfeld,
A/Pardubice (09) ;CBM 37 1993}) 11... Bxb3 12. Nb5 Qb8 13. axb3 e5 14. Bf4 (14.
bxc3 Be7 15. Be3 Nc8 16. c4 O-O 17. c5 b6 $10 {Svesnikov,E-Yudasin,L/USSR
41-150/1986/}) (14. Nbd4 Bd6 15. Nf5 g6 16. Nxd6+ Qxd6 17. bxc3 f6 $10 {
Soloviov,S-Ionov,S/USSR 42-(165)/1986/}) 14... Bd6 15. Rad1 O-O 16. Nxd6 exf4
17. bxc3 $10 {Motwani,P-Ernst,T/Gausdal Troll (05) ;EXP 28 1992/0-1 (54)}) 11.
axb3 (11. Qxb3 Rd8 (11... e6 12. Nb5 Qb8 13. Nbxd4 Be7 14. Rd1 (14. Nxc6 bxc6
15. Bg5 Bd6 16. Rad1 O-O 17. Rfe1 $14 {Tzermiadianos,A-Petrov,M/Mangalia tt/
1992/}) 14... O-O 15. Nxc6 bxc6 16. c4 $14) (11... Qd7 12. Rd1 e6 13. Nxd4 Na5
14. Qb5 $14 {1-0 Blatny,P-Aseev,K/Bad Woerishofen op (04) ;TD 92\03 1992 (28)})
(11... Qd5 12. Nb5 Rc8 13. Nfxd4 (13. Rd1 e6 14. Nbxd4 Bc5 15. Nxc6 Qxc6 $10 {
Blatny,P-Rechel,B/Groningen op/1990/}) 13... Nxd4 14. Nxd4 Qxb3 (14... e6 15.
Rd1 Be7 (15... Bc5 16. Nb5 (16. Qb5+ Qd7 17. Qe2 Qe7 18. Nb3 O-O 19. Nxc5 Qxc5
20. Be3 Qc6 21. Bd4 f6 22. Bxb6 Qxb6 23. Rd7 Rcd8 24. Rad1 Rxd7 25. Rxd7 Rf7
26. Rd2 $14 {Blatny,P-Arlandi/Groningen/1985/}) 16... Qxb3 17. axb3 a6 18. b4
axb5 19. bxc5 Na4 20. Be3 Ke7 21. Bd4 f6 22. b3 Nxc5 23. Ra7 e5 24. Be3 Ke6 {
Sariego,W-Browne,W/Linares NL ;EXP 33 1992/1/2-1/2 (62)}) (15... Qxb3 16. axb3
a6 17. b4 Nd5 (17... Be7 18. b5 axb5 19. Ra7 Nd5 20. Rxb7 b4 21. Nf5 $16 {
Rashkovsky-Georgadze,G/Aktiubinsk/1985/}) 18. b5 {1/2-1/2 Pirrot,D-Arnold,L/
BL2-S 9192 (1991) ;BL2 1992 (28)}) 16. Be3 Nc4 17. Nb5 Qf5 18. Nxa7 Nxe3 19.
Nxc8 Nxd1 20. Rxd1 {1-0 Doncevic,D-Juhnke,K/BL 8485 (1985) ;BL 1985 (28)}) 15.
axb3 a6 16. b4 e6 17. b5 axb5 18. Nxb5 Rc5 19. Ra5 {1-0 Blauert,J-Naumann,F/
Dortmund op-A (07) ;TD 92\03 1992 (35)}) (11... dxc3 12. Nb5 Qb8 13. g3 cxb2
14. Qxb2 e5 15. Re1 f6 16. Qb3 Bb4 17. Qe6+ Kf8 18. Rd1 Qe8 19. Qb3 Qf7 $17 {
Kevicky,M-Cordewener,KF/corr/1991/}) 12. Nb5 Qb8 13. Bg5 g6 14. Rfe1 Nc8 15.
Bf6 {1-0 Kersten,U-Falk,T/Bruchkoebel MT (05) ;GER 03 1993}) 11... dxc3 (11...
a6 12. Nxd4 (12. Qe2 O-O-O 13. cxd4 Qb4 14. Be3 Qxb3 15. Rfc1 Nd5 16. Ne5 Ndb4
17. Nac4 Nxe5 18. Na5+ {1-0 Trbojevic,M-Dearing,E/WchJ-U14 Szeged (01) ;TD
94\01 1994}) (12. cxd4 Rd8 13. Nc4 Nxc4 14. bxc4 e6 (14... Nxd4 15. Nxd4 Qxd4
16. Qf3 $44 {Rohde,M-Wolff,P (02)/USA-ch m1.1 ;CBM 25 1991/1/2-1/2 (44)}) 15.
Qb3 Rd7 16. Rd1 Be7 17. d5 $36 {1-0 Smagin,S-Abramovic,B/Cacak (03) ;EXP 23
1991 (23)}) 12... Nxd4 13. Be3 Nf5 14. Qxd6 Nxd6 15. Bxb6 Rc8 16. b4 e6 17.
Rfd1 Be7 18. Bc5 Ne4 19. Bxe7 Kxe7 20. Rd4 Nd6 21. Rad1 $10 {0-1 Pedersen,H-De
Firmian,N/Farum (01) ;TD 93\09 1993 (39)}) 12. Qe2 e5 (12... e6 13. Nb5 Qb8 14.
Qe4 Nd5 15. Rd1 Be7 16. Nxc3 Nf6 17. Qc4 O-O 18. Bf4 Qc8 19. Nb5 Nd5 $15 {
1/2-1/2 Hegde,R-Saravanan,V/IND-ch (19) ;EXP 41 1994 (40)}) 13. Nb5 Qb8 14. Be3
cxb2 15. Qxb2 Nd5 (15... Nd7 16. Rfd1 Be7 17. Qc2 a6 18. Nc3 Nf6 19. Ng5 Nb4
20. Qf5 g6 21. Qf3 O-O 22. Rac1 a5 23. Nb5 Nc6 $17 {Smagin,S-Muhutdinov,M/St.
Petersburg op ;TD 93\09 1993/0-1 (102)}) 16. Nxa7 (16. Rfe1 Nxe3 17. Rxe3 Bc5
$17) 16... Nxa7 17. Bxa7 Rxa7 18. Rxa7 Qxa7 19. Qxe5+ $40 Ne7 $8 20. Ra1 Qb6 $8
21. Qb8+ (21. Ra8+ Kd7 22. Nd4 Ng6 $2 (22... f6 23. Qb8 $40) 23. Qe8+ Kd6 24.
Nf5+ Kd5 25. Ne3+ Kc5 26. Rc8+ $18) 21... Qd8 22. Qxb7 {/\Ra8+-} Nc8 23. Ne5 (
23. Qb5+ Qd7 24. Qe5+ Kd8 25. Qa5+ Qc7 26. Rd1+ Bd6 $17) 23... Be7 24. Qc6+ Kf8
25. Nd7+ Ke8 (25... Kg8 26. Ra8 $18) 26. Nb6+ $16 Kf8 27. Nxc8 (27. Qxc8 Qxc8
28. Nxc8 g6 29. Ra8 Kg7 $16) 27... Bf6 28. Re1 g6 29. g3 Kg7 30. Nd6 Be7 31.
Nb7 Qf8 32. Qd7 Bb4 33. Re4 Ba3 34. Qd4+ $18 f6 35. b4 Rg8 36. Qd7+ Kh8 37. Re7
Rg7 38. Rxg7 Qxg7 39. Qd8+ Qg8 40. Qxf6+ Qg7 41. Qd8+ Qg8 42. b5 1-0

[Event "Helsinki op"]
[Site "Helsinki"]
[Date "1992.??.??"]
[Round "1"]
[White "Gurieli, Nino"]
[Black "Sakaev, Konstantin"]
[Result "0-1"]
[WhiteElo "2375"]
[BlackElo "2540"]
[Annotator "Blatny,P"]
[PlyCount "66"]
[EventDate "1992.09.??"]
[EventType "swiss"]
[EventRounds "9"]
[EventCountry "FIN"]
[SourceTitle "CBM 032"]
[Source "ChessBase"]
[SourceDate "1993.02.01"]
[SourceVersion "1"]
[SourceVersionDate "1993.02.01"]
[SourceQuality "1"]

1. e4 c5 2. Nf3 Nc6 3. c3 e6 4. d4 d5 5. exd5 (5. e5 {--> C00}) 5... exd5 (5...
Qxd5 6. Be3 {--> Alapin diskette}) 6. Bb5 Bd6 (6... Qb6 7. Qe2+ Be6 {=/+/=}) 7.
dxc5 {/\קd5} Bxc5 8. O-O Nge7 9. Bg5 O-O (9... h6 $5) 10. Nbd2 f6 11. Bf4 a6
12. Bd3 Ng6 (12... Bf5 $2 13. Bxf5 Nxf5 14. Nb3 {/\Qd3,Rad1+/-}) 13. Bxg6 (13.
Bg3 f5 $6 (13... Nge5 $13) 14. Nb3 Bb6 15. Qc2 {/\15...f4? 16.Bxg6 hxg6 17.Bh4
->}) 13... hxg6 14. Nb3 Bb6 15. Qd2 Bg4 16. Nfd4 Nxd4 17. cxd4 $6 (17. Nxd4 Re8
18. Rfe1 Qd7 19. h3 {=/+/=}) 17... g5 18. Be3 (18. Bg3 Rc8 19. Rfe1 Re8 20.
Rxe8+ Qxe8 21. h3 Bf5 22. Rc1 $15) 18... Qd6 19. f4 (19. f3 $142 Bf5 20. Bf2 {
/\Bg3 =/=/+}) 19... gxf4 20. Rxf4 (20. Bxf4 Qd7 $15 {^^}) 20... Bd7 21. Rf3 (
21. Nc5 Bc6 22. Re1 Rae8 $15) 21... Rae8 22. Bf4 Qc6 23. Kh1 (23. Rc1 Qb5 $15)
23... Re4 $5 (23... Qb5 {/\Re2,׫}) 24. Rg3 (24. Rc3 Qe6 $15) 24... Rfe8 25.
Rf1 $2 (25. Re3 Qa4 26. Rxe4 dxe4 27. Nc5 $15) 25... Qc4 (25... Re2 26. Qc1
Qxc1 (26... Qa4 $6 27. Be5 $1 Kh7 (27... fxe5 $4 28. Qg5 Bg4 $8 29. Qxg4 $18)
28. Rxg7+ $1 Kxg7 29. Qg5+ Kh7 30. Qh5+ Kg7 $8 31. Bxf6+ Kf8 32. Bg5+ $18) 27.
Bxc1 Kf7 {-/+/-+ _|_ ^^}) 26. Rgf3 Bxd4 (26... Re2 27. Qc3 Rc2 28. Qxc4 dxc4
29. Nc5 Bc6 $19) 27. Nxd4 (27. h3 Be5 28. Rc1 Qe2 29. Bxe5 R8xe5 $19 {_|_})
27... Rxd4 28. Qf2 Bb5 29. Rg1 (29. Qg1 $5) 29... Rde4 30. h3 Qe2 $19 31. b3
Qxf2 32. Rxf2 Re2 33. Rgf1 d4 0-1

[Event "EU-Cup 09th final"]
[Site "Hilversum"]
[Date "1993.12.11"]
[Round "2"]
[White "Lautier, Joel"]
[Black "Polgar, Judit"]
[Result "1-0"]
[WhiteElo "2620"]
[BlackElo "2630"]
[Annotator "Blatny,P"]
[PlyCount "111"]
[EventDate "1993.12.10"]
[EventType "team-k.o."]
[EventRounds "3"]
[EventCountry "NED"]
[SourceTitle "EXT 2020"]
[Source "ChessBase"]
[SourceDate "2019.10.17"]
[SourceVersion "1"]
[SourceVersionDate "2019.10.17"]
[SourceQuality "1"]
[WhiteTeam "Lyon-Oyonnax Echecs"]
[BlackTeam "Hilversum"]
[WhiteTeamCountry "FRA"]
[BlackTeamCountry "NED"]

1. e4 c5 2. c3 Nf6 3. e5 Nd5 4. d4 cxd4 5. Nf3 Nc6 6. Bc4 Nb6 7. Bb3 d6 8. exd6
Qxd6 9. O-O Bf5 (9... Be6 $142) 10. Nxd4 (10. cxd4 {קd4}) 10... Nxd4 11. cxd4
e6 12. Nc3 (12. Qf3 {->}) 12... Be7 13. Qf3 {+/=/+/- /^g2-b7} Qxd4 14. Qxb7 (
14. Be3 Qd7 15. Rfd1 Qc6) 14... Bd6 {/\0-0} 15. Qc6+ Ke7 16. Nb5 Qe5 17. Qb7+ (
17. Qxd6+ Qxd6 18. Nxd6 Kxd6 19. Rd1+ Kc6 (19... Nd5 20. Bf4+ $18) 20. Bf4 {
/\Rac1,Rd6 ->}) 17... Kf6 18. Nxd6 Qxd6 19. Be3 Nd5 (19... Rhb8 20. Qf3 $36)
20. Bxa7 Rhc8 21. Rfd1 Kg6 22. Bxd5 exd5 23. Rxd5 {+/-/+-} Qe6 {/\Be4, /\_|_ ^-
} 24. Rdd1 Be4 25. Qd7 Qxd7 26. Rxd7 Rc2 27. b4 Bf5 28. Re7 Kf6 29. Rb7 Bc8 30.
Bd4+ Kg6 31. Ra7 Rxa7 32. Bxa7 Bd7 33. h3 Ba4 34. a3 Rc3 35. Bc5 h5 36. Kf1 f6
37. Ke2 Kf5 38. Kd2 Rb3 39. Re1 Rxa3 40. Re7 g5 41. Ra7 Ke4 42. f3+ Kd5 43. Be7
Ra2+ 44. Kc3 Rc2+ 45. Kd3 Ra2 46. Kc3 Rc2+ 47. Kd3 Ra2 48. Ra5+ Ke6 49. Bd8 Bb3
50. Rxa2 Bxa2 51. Kd4 Kf5 (51... Bb3 52. b5 Ba4 53. Kc5 {/\b6+-}) 52. b5 Be6
53. Kc5 $1 Bc8 54. Kc6 $18 h4 55. Kc7 Be6 56. b6 (56. b6 Bd5 57. b7 Bxb7 58.
Kxb7 Kf4 59. Bxf6 Kg3 60. Bxg5 $18) 1-0

[Event "Bern op"]
[Site "Bern"]
[Date "1992.??.??"]
[Round "9"]
[White "Hort, Vlastimil"]
[Black "Kishnev, Sergey"]
[Result "1-0"]
[WhiteElo "2560"]
[BlackElo "2540"]
[Annotator "Blatny,P"]
[PlyCount "47"]
[EventDate "1992.02.??"]
[EventType "swiss"]
[EventRounds "9"]
[EventCountry "SUI"]
[SourceTitle "CBM 028"]
[Source "ChessBase"]
[SourceDate "1992.06.01"]
[SourceVersion "1"]
[SourceVersionDate "1992.06.01"]
[SourceQuality "1"]

1. e4 c5 2. c3 d5 3. exd5 Qxd5 4. d4 Nf6 5. Nf3 e6 (5... Bg4) (5... Nc6 $5 {
--> 2.c3 disk}) 6. Na3 (6. Be3 $5 {--> Lautier-Sokolov}) 6... a6 $6 (6... Be7
$142) (6... Qd8 $142 {--> 2.c3 disk}) 7. Nc4 Nbd7 (7... Qc6 8. Nfe5 $36) 8. a4
cxd4 (8... b5 $2 9. Ne3 Qb7 10. axb5 axb5 11. Rxa8 Qxa8 12. Bxb5 $18) 9. Qxd4
Bc5 10. Qxd5 exd5 {--> IP: Pc3:Pd5} (10... Nxd5 11. a5 $14) 11. Ne3 {/^a7-f2,
קd5} O-O 12. Bd3 Ba7 {/\Nc5-e4 [+]} (12... Re8 $142 13. O-O Nf8 {/\Be6,Rad8+/=
}) 13. O-O Nc5 14. Bc2 Nce4 $2 (14... Be6 $142 15. Rd1 {/\Nd4+/-}) 15. Nxd5 $1
Nxd5 16. Bxe4 $18 {_|_} Nf6 17. Bd3 (17. Bc2) 17... Rd8 18. Bc4 b5 19. Bb3 (19.
axb5 $4 axb5 20. Bxb5 Bxf2+ 21. Kxf2 Rxa1 {-/+/-+}) 19... Ne4 $2 (19... bxa4)
20. axb5 axb5 21. Be3 $1 Be6 22. Bxe6 Bxe3 23. Rxa8 $1 (23. fxe3 $2 Rxa1 24.
Rxa1 fxe6 25. Nd4 $18 {_|_}) 23... Rxa8 24. Bd5 1-0

[Event "Bled op 13th"]
[Site "Bled"]
[Date "1992.??.??"]
[Round "7"]
[White "Sermek, Drazen"]
[Black "Bukic, Enver"]
[Result "1-0"]
[WhiteElo "2465"]
[BlackElo "2455"]
[Annotator "Blatny,P"]
[PlyCount "59"]
[EventDate "1992.03.??"]
[EventType "swiss"]
[EventRounds "9"]
[EventCountry "SLO"]
[SourceTitle "CBM 029"]
[Source "ChessBase"]
[SourceDate "1992.08.01"]
[SourceVersion "1"]
[SourceVersionDate "1992.08.01"]
[SourceQuality "1"]

1. e4 c5 2. c3 d5 3. exd5 Qxd5 4. d4 e6 5. Na3 $5 Nf6 6. Nb5 Na6 7. Be3 cxd4 8.
Qxd4 Qxd4 (8... Bc5 $2 9. Qxc5 $1 {--> CBM 28}) 9. Bxd4 $14 b6 10. a4 $1 Nd7 (
10... Bc5 $2 11. Bxc5 bxc5 12. Nd6+ Kd7 13. Nxc8 Nc7 $8 14. Nxa7 $18 {_|_}) 11.
a5 Kd8 (11... f6 $2 12. axb6 axb6 13. Rxa6 $1 {/\ 14.Nc7+ +-}) 12. Nf3 f6 13.
Bc4 Bb7 $2 (13... e5 14. Bd5 Rb8 15. Be3 bxa5 16. Rxa5 $16) (13... Bc5 $142 {
/\Ke7+/=}) 14. Bxe6 Nac5 15. Bxc5 Nxc5 (15... Bxc5 $2 16. O-O-O Bc8 (16... Bc6
17. Nfd4 Bxd4 18. Nxd4 Bb7 19. Nf5 Bc8 20. Nd6 $18) 17. Nfd4 $1 Bxd4 $8 18.
Rxd4 Re8 19. Bd5 Rb8 20. Nxa7 $18) 16. O-O-O+ $1 Ke7 17. Rhe1 $1 (17. Ba2 f5
18. Rhe1+ Kf6) 17... Nxe6 $8 18. Nc7 Bxf3 19. gxf3 (19. Rxe6+ Kf7 20. Rd7+ Kg6
21. gxf3 (21. Nxa8 Bxa8 22. Rxa7 Bc5 23. axb6 Bd5 {<=> ^^ +/-}) 21... Rb8 22.
a6 $18 {_|_ קa7,g7}) 19... Rc8 20. Nxe6 Kf7 21. Rd7+ $18 Kg6 22. Rg1+ Kh6 23.
Rxa7 (23. Nxf8 Rhxf8 24. Rxa7 bxa5 25. Rxa5 $18) (23. f4 $5 Rc6 24. Rd3 $1 g5
$8 25. f5 $18) 23... bxa5 24. Rxa5 g5 25. f4 Bb4 26. fxg5+ fxg5 27. Raxg5 Bxc3
28. bxc3 Rxc3+ 29. Kd2 Rh3 30. Rf5 1-0

[Event "Hoogovens"]
[Site "Wijk aan Zee"]
[Date "1992.01.??"]
[Round "6"]
[White "Salov, Valery"]
[Black "Gelfand, Boris"]
[Result "1/2-1/2"]
[WhiteElo "2655"]
[BlackElo "2665"]
[Annotator "Blatny,P"]
[PlyCount "102"]
[EventDate "1992.01.??"]
[EventType "tourn"]
[EventRounds "13"]
[EventCountry "NED"]
[EventCategory "14"]
[SourceTitle "CBM 028"]
[Source "ChessBase"]
[SourceDate "1992.06.01"]
[SourceVersion "1"]
[SourceVersionDate "1992.06.01"]
[SourceQuality "1"]

1. e4 c5 2. c3 d5 3. exd5 Qxd5 4. d4 Nc6 (4... Nf6 5. Nf3 Bg4 {--> ChessBase:
Alapin diskette}) 5. Nf3 Bg4 (5... cxd4 6. cxd4 Bg4 {--> ChessBase: Alapin}) 6.
Be2 cxd4 7. cxd4 e6 {--> ChessBase: Motiv - IP Pd4:Pe6} 8. Nc3 Qa5 9. O-O Nf6
10. h3 {/\d4-d5 ץh5} Bh5 11. a3 (11. Qb3 Qb4 12. Qxb4 Nxb4 {--> _|_ ><d5})
11... Be7 12. Qb3 (12. Be3 O-O 13. b4 {()}) 12... Qc7 (12... Bxf3 13. Bxf3 Nxd4
14. Qxb7 Nxf3+ 15. Qxf3 O-O 16. Be3 $14) 13. d5 Nxd5 14. Nxd5 exd5 15. Qxd5 Bg6
(15... Bxf3 16. Qxf3 $10 {+/=/+/- /\Bf4 ^^}) 16. Be3 O-O 17. Rac1 Rad8 (17...
Rfd8 18. Qb3 Bf6 $10) 18. Qb3 {/\Ba7 <->c} Qb8 19. Rfd1 Rxd1+ (19... Bf6 $142
$10) 20. Rxd1 {<->d /\Rd7} Rd8 (20... Bf5 {/\Be6}) 21. Rxd8+ Bxd8 22. Qd5 $14 {
[+]} Bf6 23. b4 {-><<} Ne7 (23... a6 {><b6}) 24. Bxa7 (24. Qd7 Qc8 $10) 24...
Nxd5 (24... Qxa7 $4 25. Qd8#) 25. Bxb8 Bb2 26. Ne5 Bxa3 (26... Nc3 $142 27. Bf1
b5 28. Nxg6 hxg6 29. Be5 Ne2+ 30. Bxe2 Bxe5 31. Bxb5 Bb2 $10) 27. Nxg6 hxg6 28.
b5 Bc5 29. Be5 Ne7 (29... f6 $2 30. Bc4 fxe5 31. Bxd5+ Kf8 32. Bxb7 $18) 30.
Kf1 Nf5 31. Bd3 Nd4 32. h4 {קg6} f6 33. Bf4 Kf7 34. g3 Ne6 35. Bc1 Nd4 36. Be3
Ne6 37. Bd2 $6 (37. Ke2 Nd4+ (37... Bxe3 38. Kxe3 b6 $8 {/\קb5} 39. Bc4 Ke7
40. Ke4 Nc7 41. g4 Kd6 $10) 38. Kd2 Bb4+ 39. Kd1 Ne6 40. Kc2 $14) 37... Nd4 38.
Kg2 Bd6 39. Bc4+ Ke7 40. g4 Bc5 41. Be3 Ne6 42. Bc1 (42. Kf3 Bxe3 43. Kxe3 Nc7
(43... b6 44. Bxe6 Kxe6 45. Ke4 Kd6 46. h5 $18 {_|_ ><f5}) 44. Kd4 b6 45. h5 {
><f5}) 42... g5 43. hxg5 Nxg5 44. Bd5 b6 45. f4 Kd6 46. Bc4 Ne4 47. Kf3 Nc3 48.
g5 f5 $10 49. Bb2 Bd4 50. Ba3+ Bc5 51. Bb2 Bd4 1/2-1/2

[Event "Ptuj zt"]
[Site "Ptuj"]
[Date "1995.??.??"]
[Round "8"]
[White "Wach, Markus"]
[Black "Landenbergue, Claude"]
[Result "0-1"]
[WhiteElo "2385"]
[BlackElo "2430"]
[Annotator "Blatny,P"]
[PlyCount "62"]
[EventDate "1995.04.??"]
[EventType "tourn"]
[EventRounds "15"]
[EventCountry "SLO"]
[EventCategory "10"]
[SourceTitle "CBM 047"]
[Source "ChessBase"]
[SourceDate "1995.08.01"]
[SourceVersion "1"]
[SourceVersionDate "1995.08.01"]
[SourceQuality "1"]

1. e4 {Baburin} c5 2. c3 Nf6 3. e5 Nd5 4. d4 cxd4 5. Nf3 (5. cxd4 e6 6. a3 (6.
Nf3 b6 {-> main line}) 6... b6 7. Nf3 Be7 8. Bc4 Ba6 $1 9. Bxa6 (9. Bxd5 exd5
10. Nc3 O-O (10... d6 11. Qa4+ $16) 11. Nxd5 d6 $44) 9... Nxa6 10. O-O O-O 11.
Nbd2 f6 12. exf6 gxf6 (12... Bxf6 13. Ne4 Qe8 14. Re1 $10) 13. Ne4 Kh8 {
/\14.Bh6 Rg8} 14. Nc3 (14. Bd2 $142) 14... Nac7 15. Be3 Rg8 16. Ne1 f5 17. Nd3
Bd6 18. Qh5 Rg4 $40 {Rosandic-Stohl/Vinkovci/1995}) 5... e6 6. cxd4 b6 (6... d6
$14 {/\->>>}) 7. Nc3 Nxc3 8. bxc3 Qc7 9. Bd2 Bb7 10. Bd3 d6 11. O-O Nd7 12. Re1
Be7 13. Bg5 Bxg5 (13... Qd8 14. Bf4 Bxf3 15. Qxf3 dxe5 16. dxe5 O-O 17. Rad1
Qc7 18. Bxh7+ $16 {Smagin-Dizdarevic/Zenica/1987/}) (13... dxe5 14. Bxe7 Kxe7
15. Nxe5 Nxe5 16. Rxe5 Qxc3 17. Rc1 Qxd4 18. Rc7+ Kd6 (18... Kf6 19. Re3 Bd5
20. Rxf7+ Kxf7 21. Bg6+ hxg6 22. Qxd4 $40) 19. Rd7+ Kxe5 20. Rxd4 Kxd4 21. Ba6+
$18 {Weiss-Siegler/Germany/1994/}) 14. Nxg5 dxe5 15. Qh5 Nf6 16. Qh3 (16. Nxe6
Qc6 17. d5 Qxe6 18. Bb5+ Ke7 19. Qg5 Qd6 20. Rxe5+ Kf8 $19 {De
Boer-Krockenberger/Germany/1991/}) 16... e4 17. Nxe4 Nxe4 18. Bxe4 Bxe4 19.
Rxe4 O-O 20. Qd3 $6 {Baburin: White has not played well and Black has got the
position he usually aims for in this particular pawn structure with pawns on
c3 & d4. The c3-pawn is vulnerable and Black's pressure upon the c-file is
very unpleasant.} (20. Rae1 {/\->}) 20... Rac8 $15 21. Re3 Rfd8 22. Rb1 Rd6 23.
g3 Rc6 24. Rb3 g6 25. Qb5 Qb7 26. a4 Rd8 27. Qd3 (27. a5 Rxd4 28. cxd4 $4 Rc1+
29. Qf1 Rxf1+ 30. Kxf1 Qa6+ $19) 27... Qc7 28. Qe2 Rc4 29. Qa2 Qc6 {Winning a
pawn.} 30. f3 (30. a5 Rdxd4 $1 {ב1}) (30. Ra3 {Baburin} Rdxd4 $1 31. cxd4 Rc1+
32. Re1 Rxe1#) 30... Rxa4 31. Ra3 Rc4 (31... Rc4 32. Rxa7 Rxc3 33. Rxc3 Qxc3
34. Qf2 Rxd4 $19) 0-1

[Event "Interpolis"]
[Site "Tilburg"]
[Date "1992.10.12"]
[Round "2.2"]
[White "Rozentalis, Eduardas"]
[Black "Gelfand, Boris"]
[Result "1-0"]
[WhiteElo "2590"]
[BlackElo "2685"]
[Annotator "Blatny,P"]
[PlyCount "99"]
[EventDate "1992.10.08"]
[EventType "k.o."]
[EventRounds "7"]
[EventCountry "NED"]
[SourceTitle "CBM 032"]
[Source "ChessBase"]
[SourceDate "1993.02.01"]
[SourceVersion "1"]
[SourceVersionDate "1993.02.01"]
[SourceQuality "1"]

1. e4 c5 2. c3 Nf6 3. e5 Nd5 4. g3 $5 {/\/^h1-a8} (4. d4 cxd4 5. Nf3 Nc6 {
--> Alapin diskette}) 4... d6 5. exd6 e6 (5... Qxd6 {--> Rozentalis-Gelfand,
Tilburg 1992} 6. Bg2 Nc6 7. d3 Bf5) 6. Bg2 Bxd6 7. Nf3 O-O 8. O-O Nc6 9. Na3 {
/\Nc4, ><e5} Bd7 10. Nc4 (10. Nb5 Be7 11. d4 a6 12. c4 axb5 (12... Nf6 13. Nc3
cxd4 14. Nxd4 Nxd4 15. Qxd4 Bc6 16. Qxd8 Rfxd8 17. Bxc6 bxc6 {=/+/=}) 13. cxd5
exd5 14. dxc5 $10) 10... Bc7 11. d3 Rc8 (11... b5 $5 12. Ne3 Re8 {[+]}) 12. a4
b6 13. Qe2 (13. Re1 h6 14. Qc2 Qf6 $10) 13... Qe7 14. Nh4 Nf4 $5 15. Bxf4 Bxf4
16. Rae1 (16. Nf3 Bc7 $10) 16... Rfd8 $6 (16... Bg5 $142 17. Nf3 Bf6 {/\g6+/=})
17. Be4 (17. Nf5 $6 exf5 (17... Qf6 18. Nfd6 $36) 18. Qxe7 Nxe7 19. Rxe7 Bg5
20. Re5 Be6 {=/+/-/+}) 17... Bg5 18. Ng2 Bf6 19. f4 g6 20. g4 Bg7 21. Qf2 (21.
Nge3 $5 {/\><d5,f5}) 21... Qf6 $6 {><d6} 22. Qg3 Na5 (22... Be8 23. f5 $40) 23.
Nd6 (23. Nxa5 bxa5 24. g5 Qe7 25. f5 gxf5 26. Bxf5 Bc6 27. Qh4 h6 28. Bh7+ $1
Kh8 29. Be4 $14) 23... Rb8 24. g5 Qe7 25. f5 $1 (25. Nb5 $2 Bxb5 26. axb5 Qd7
$17) 25... Bc6 (25... gxf5 26. Bxf5 Bxa4 27. Nxf7 $40) 26. Nxf7 $1 Qxf7 27.
fxg6 Qe8 28. gxh7+ Kh8 29. g6 Rb7 (29... Bxa4 30. Rf7 {/\Rg7 +-} Rd7 31. Bf5 $1
Rxf7 32. gxf7 Qf8 33. Nh4 $1 $18) 30. h4 Rbd7 31. h5 Bxe4 32. Rxe4 (32. dxe4
Nc4 {[+]}) 32... Rxd3 33. Qg4 R3d6 34. Nf4 Nb3 (34... e5 35. Nh3 $1 R8d7 36.
Ng5 Bf6 37. Ree1 $1 {/\Ne4} Bxg5 38. Qxg5 Nc6 39. Rxe5 $3 Qd8 $8 40. Qf4 Rd1
41. Qf6+ Rg7 $8 42. Rxd1 Qxd1+ 43. Kf2 $18) 35. Nxe6 Nd2 36. Ng5 Nxe4 37. Qxe4
(37. Nf7+ $2 Qxf7 38. gxf7 Nf6) 37... R6d7 $8 38. Qxe8+ Rxe8 39. Nf7+ Rxf7 40.
Rxf7 Bh6 (40... a5 41. Rb7 $18 {_|_}) (40... Ra8 41. Kg2 {/\Kf3-e4-d5}) 41.
Rxa7 $18 {_|_} Bc1 42. b3 c4 $6 43. bxc4 b5 44. Kg2 (44. cxb5 $4 Be3+) 44...
bxa4 45. Rxa4 Kg7 46. c5 Bg5 47. c6 Bf6 48. Ra7+ Kh6 (48... Kh8 49. c4 {
/\Rd7,c7,K[+] +- _|_}) 49. c4 Re6 $2 50. h8=Q+ (50. h8=Q+ Bxh8 51. Rh7+ Kg5 52.
Rxh8 $18) 1-0